LEADER 04214nam 22007695 450 001 9910337702403321 005 20250628110029.0 010 $a9783030024819 010 $a3030024814 024 7 $a10.1007/978-3-030-02481-9 035 $a(CKB)4100000007598574 035 $a(DE-He213)978-3-030-02481-9 035 $a(MiAaPQ)EBC5693491 035 $a(Au-PeEL)EBL5693491 035 $a(OCoLC)1088921186 035 $a(oapen)https://directory.doabooks.org/handle/20.500.12854/31791 035 $a(Perlego)4177801 035 $a(MiAaPQ)EBC29238126 035 $a(ODN)ODN0010074174 035 $a(oapen)doab31791 035 $a(EXLCZ)994100000007598574 100 $a20190208d2019 u| 0 101 0 $aeng 135 $aurnn#008mamaa 181 $ctxt$2rdacontent 182 $cc$2rdamedia 183 $acr$2rdacarrier 200 14$aThe Values of Independent Hip-Hop in the Post-Golden Era $eHip-Hop's Rebels /$fby Christopher Vito 205 $a1st ed. 2019. 210 $d2019 210 1$aCham :$cSpringer International Publishing :$cImprint: Palgrave Pivot,$d2019. 215 $a1 online resource (XV, 184 p. 8 illus., 4 illus. in color.) 311 08$a9783030024802 311 08$a3030024806 327 $aChapter1: Introduction -- Chapter 2: Just Say No to The Majors: Independent Hip-Hop Culture -- Chapter 3: Just Say No to 360s: Hip-Hop's Claim of Economic Exploitation -- Chapter 4: The Death of Indie Hip-Hop?: The Blurry Lines between the Majors and Independent Hip-Hop Music -- Chapter 5: Conclusions and Implications. 330 $a"A necessary read for every researcher, historian, scholar and hip-hop fan that seeks to better understand independent hip-hop and aspires to rebel and utilize hip-hop as a tool of resistance." -DJ Kuttin Kandi, DJ, Artist, Organizer, and Activist "Christopher Vito has written an informative and compelling book on independent hip hop that examines how complexities of race, gender, class and sexuality are confronted within the genre. This book illuminates a subculture that is rarely explored, shining a light on independent hip-hop's power to counter mainstream ideology." -Ninochka McTaggart, PhD, Senior Researcher, Geena Davis Institute on Gender in Media, USA Utilizing a mixed-methods approach, this book uncovers the historical trajectory of U.S. independent hip-hop in the post-golden era, seeking to understand its complex relationship to mainstream hip-hop culture and U.S. culture more generally. Christopher Vito analyzes the lyrics of indie hip-hop albums from 2000-2013 to uncover the dominant ideologies of independent artists regarding race, class, gender, sexual orientation, and social change. These analyses inform interviews with members of the indie hip-hop community to explore the meanings that they associate with the culture today, how technological and media changes impact the boundaries between independent and major, and whether and how this shapes their engagement with oppositional consciousness. Ultimately, this book aims to understand the complex and contradictory cultural politics of independent hip-hop in the contemporary age. 606 $aMass media 606 $aCulture 606 $aPolitical sociology 606 $aMusic 606 $aCulture$xStudy and teaching 606 $aMedia Sociology 606 $aSociology of Culture 606 $aPolitical Sociology 606 $aMusic 606 $aCultural Theory 615 0$aMass media. 615 0$aCulture. 615 0$aPolitical sociology. 615 0$aMusic. 615 0$aCulture$xStudy and teaching. 615 14$aMedia Sociology. 615 24$aSociology of Culture. 615 24$aPolitical Sociology. 615 24$aMusic. 615 24$aCultural Theory. 676 $a302.23 676 $a306.484249 686 $aMUS000000$aSOC000000$aSOC026000$aSOC039000$aSOC052000$2bisacsh 700 $aVito$b Christopher$4aut$4http://id.loc.gov/vocabulary/relators/aut$0906627 801 0$bMiAaPQ 801 1$bMiAaPQ 801 2$bMiAaPQ 906 $aBOOK 912 $a9910337702403321 996 $aThe Values of Independent Hip-Hop in the Post-Golden Era$92027679 997 $aUNINA